000 00280nam a2200109Ia 4500
001 587406
005 20250717113816.0
008 250717s9999 xx 000 0 und d
245 0 _aX-4 PES ETME 4
_cAHMET BİLAL YAPRAKDAL
260 _bUĞUR BÖCEĞİ YAYINLARI
_c2018
300 _b32
999 _c587406
_d587406